000 00675naa a2200205 i 4500
001 3097
003 ES-MaBCM
005 20241016090726.0
008 880826s1988 usa 000 0 eng d
021 _axx
035 _a(OCoLC)1365168706
040 _cES-MaBCM
041 0 _aeng
043 _ausa
100 1 _aHalberstam, Malvina
_921122
245 1 0 _aTerrorism on the high seas
_b: the Achille Lauro piracy and the International Maritime Organization (IMO) Convention on Maritime Safety
_cMalvina Halberstam
650 2 7 _aPiratería
_959774
773 0 _aEn:
_tAmerican journal of international law
_dWashington : 1988
_w104703
_gnº 2, abril ; p. 269-310
942 _cAREV
999 _c3097
_d3097